Movies Quiz

Random Movies or Actor Quiz

Actor A-Z: Action Quiz Stats

 Plays Quiz Updated Feb 22, 2016

Also try: Actor A-Z: Comedy
Challenge
Share
Tweet
Embed
Score 0/24 Timer 04:00
3 Plays Today
Actor % Correct
D) Matt _______Damon
98%
F) Harrison _______Ford
98%
G) Mel _______Gibson
97.9%
J) Samuel L. _______Jackson
97.7%
C) Tom _______Cruise
97.6%
R) Keanu _______Reeves
95.4%
A) Ben _______Affleck
94.8%
L) Bruce _______Lee
94.6%
W) Bruce _______Willis
93.5%
N) Liam _______Neeson
91.6%
B) Pierce _______Brosnan
90.9%
K) Val _______Kilmer
90.5%
Actor % Correct
Q) Dennis _______Quaid
84.3%
M) Roger _______Moore
83.7%
T) John _______Travolta
83.4%
S) Arnold _______Schwarzenegger
74.7%
E) Chris _______Evans
71.3%
H) Chris _______Hemsworth
62.1%
P) Chris _______Pine
59.4%
V) Jesse _______Ventura
54.9%
U) Karl _______Urban
42.2%
I) Jason _______Isaacs
29.7%
O) Dylan _______O'Brien
20.4%
Y) Koji _______Yakusho
4.8%

You're not logged in!

Compare scores with friends on all Sporcle quizzes.
Join for Free
OR
Log In

You Might Also Like...

Show Comments

Extras

Top Quizzes Today


Score Distribution

Your Account Isn't Verified!

In order to create a playlist on Sporcle, you need to verify the email address you used during registration. Go to your Sporcle Settings to finish the process.

Report this User

Report this user for behavior that violates our Community Guidelines.

Details: